000 00788nam a2200217Ia 4500
003 GCL
008 140319s9999 xx 000 0 ara d
040 _aGCL /
_cGCL
082 0 4 _a230.9
_bم س
100 1 _aمحمد عبدالسلام خضر الشقيرى
245 1 0 _aالسنن والمبتدعات المتعلقة بالاذكار والصلوات /
_cمحمد عبدالسلام خضر الشقيرى
260 _aبيروت :
_bدار الجيل ،
_c1988
260 _aبيروت :
_bدار الكتب العلمية للنشر والتوزيع ،
_c1988
300 _a439 ص ؛
_c24 سم
490 _a
650 0 4 _aالحديث
650 0 4 _aالصلاة
650 0 4 _aالفقه الاسلامى
650 0 4 _aالاحاديث النبوية
942 _2ddc
_cBK
999 _c53877
_d53877